000 00616nam a22002297a 4500
005 20210211152851.0
008 210211b ||||| |||| 00| 0 eng d
020 _a8122414346
040 _aIN-DiNC
_cIN-DiNC
041 _deng
082 _a338.04
_bENT
100 _aKumar, S Anil
_eauthor
245 _aEntrepreneurship development /
_cby S Anil Kumar and others
250 _aRep.
260 _aNew Delhi:
_bNew age,
_c2003
300 _a283p.
650 _aEntrepreneurship
700 _aPoornima, S C
_eauthor
700 _aAbraham, Mini K
_eauthor
700 _aJayashree, K
_eauthor
942 _2ddc
_cBK
999 _c11138
_d11138